| 000 | 00601nam a22001697a 4500 | ||
|---|---|---|---|
| 008 | 150826b xxu||||| |||| 00| 0 eng d | ||
| 020 | _a0072823399 | ||
| 050 | _aGE 105 .865 2006 | ||
| 100 |
_aCunningham, William P. _d2006. |
||
| 245 |
_aPrinciples of environmental science: _bInquiry and applications. _cWilliam P. Cunningham; Mary A. Cunningham. |
||
| 250 | _a3rd ed. | ||
| 260 |
_aNew York; _bMcGraw Hill, _c2006. |
||
| 300 |
_axviii, 428 p. : ill. _bIncludes index. |
||
| 650 | _aEnvironmental sciences. | ||
| 700 | _aCunningham, Mary Ann. | ||
| 942 |
_2lcc _cBOOKS _hGE 105 .865 2006 |
||
| 999 |
_c3566 _d3566 |
||